Roblox The Presentation Experience | All Basic Actions Update 25 - Statistics

General Stats
  • This quiz has been taken 9 times
  • The average score is 29 of 48
Answer Stats
# Action % Correct
15 Blow bubble gum
80%
15 Fart
80%
8 Laugh
80%
0 Say no
80%
0 Say yes
80%
0 Sleep
80%
8 Applause
60%
25 Bang head
60%
8 Boo
60%
8 Burp
60%
20 Check phone
60%
15 Choke
60%
5 Cough
60%
10 Cry
60%
25 Do push-ups
60%
25 Drink Bloxy Cola
60%
25 Eat chips
60%
8 Facepalm
60%
5 Finger snap
60%
15 Gibberish
60%
5 Look at notes
60%
50 Pass a note
60%
25 Play harmonica
60%
0 Read book
60%
8 Scream
60%
15 Shake
60%
5 Sigh
60%
5 Sneeze
60%
8 Sniff
60%
5 Take notes
60%
25 Take picture
60%
25 Throw a paperplane
60%
25 Throw a snowball
60%
35 Throw confetti
60%
25 Throw junk
60%
25 Use blender
60%
25 Use fan
60%
25 Use fidget spinner
60%
25 Use laptop
60%
25 UwU
60%
35 Vomit
60%
10 Wheeze
60%
15 Whistle
60%
10 Yay
60%
20 Awkward sound
40%
15 Complain (female)
40%
15 Complain (male)
40%
0 Wear Christmas hat
40%
No matching quizzes found
Score Distribution
Percent of People with Each Score
Percentile by Number Answered
Your Score History
You have not taken this quiz